000 00712nam a22001577a 4500
003 OSt
005 20150925141415.0
008 150925b xxu||||| |||| 00| 0 eng d
040 _cRUA
082 _aAGR MAT 2012 B052 Or.1
100 _91328
_aMATH SALEH
245 _aControlling methods of insectpests onmungbean after rice in lowland condition,(វិធានការកម្ចាត់សត្វល្អិតចង្រៃលើដំណាំសណ្ដែកបាយក្រោយពេលប្រមូលផលស្រូវ ក្នុងលក្ខខណ្ឌស្រែទំនាប)
260 _aphnom penh
_bRUA
_c2012
300 _axiii, 64p.
_cill.
_g29cm.
942 _2ddc
_cAGR
999 _c1249
_d1249